000 00477cam a22001337a 4500
008 180718b1960 xxu||||| |||| 00| 0 eng d
082 _aA6x672 T378
100 _aThompson, Virginia
245 _aEmerging states of French equatorial Africa.
_cby Virginia Thompson and Richard Adloff
260 _aStanford
_bStanford University press
_c1960
300 _axi, 593p
650 _aAfrica, French-speaking Equatorial -Politics and government -1884-1960.
700 _aAdloff, Richard
999 _c413257
_d413257